[Event "Asian Cities-chT"]
[Site "Khanty-Mansiysk"]
[Date "2024.04.22"]
[Round "2.3"]
[White "Rodin, Dmitrij"]
[Black "Dosmukhambetov, Arystan"]
[Result "1-0"]
[WhiteElo "2321"]
[BlackElo "1968"]
[PlyCount "191"]
[EventDate "2024.04.21"]
[EventType "team-swiss"]
[EventRounds "9"]
[EventCountry "RUS"]
[SourceTitle "CB18_2024"]
[SourceDate "2024.05.01"]
[SourceVersion "1"]
[SourceVersionDate "2024.05.01"]
[SourceQuality "2"]
[WhiteTeam "Tula"]
[BlackTeam "Pavlodar"]
[WhiteTeamCountry "RUS"]
[BlackTeamCountry "KAZ"]

1. e4 c5 2. Nf3 e6 3. d4 cxd4 4. Nxd4 Nf6 5. Nc3 Nc6 6. a3 Be7 7. Be3 d6 8. Be2 0-0 9. 0-0 a6 10. f4 Qc7 11. Kh1 Nxd4 12. Qxd4 b5 13. Rad1 Bb7 14. e5 Nd5 15. Nxd5 Bxd5 16. exd6 Bxd6 17. Bf3 Bxf3 18. Qxd6 Qxd6 19. Rxd6 Be4 20. c3 Rfd8 21. Rfd1 Bd5 22. Rxd8+ Rxd8 23. Kg1 f6 24. a4 Rb8 25. axb5 Rxb5 26. b4 Rb8 27. Kf2 Rc8 28. Bd4 Kf7 29. g4 Rd8 30. Bc5 Rc8 31. h4 Rc7 32. Ke3 h6 33. h5 Rd7 34. Bd4 Bc4 35. Rg1 Rd5 36. Ke4 e5 37. fxe5 fxe5 38. Bxe5 g6 39. g5 hxg5 40. Rxg5 gxh5 41. Rxh5 Rd1 42. Bd4 Re1+ 43. Be3 Rd1 44. Rc5 Bb5 45. Ke5 Ke7 46. c4 Bd7 47. Bg5+ Ke8 48. Rc7 Re1+ 49. Kd4 Re6 50. Kd5 Rb6 51. Kc5 Rg6 52. Bf4 Kd8 53. Ra7 Rc6+ 54. Kd5 Rg6 55. Bd6 Rg5+ 56. Be5 Rg6 57. Kc5 Rc6+ 58. Kd5 Rg6 59. Bf4 Be6+ 60. Kc5 Bd7 61. Bd6 Bc8 62. b5 axb5 63. cxb5 Rg2 64. Kc6 Rc2+ 65. Bc5 Rc1 66. b6 Rh1 67. Rf7 Re1 68. b7 Bxb7+ 69. Rxb7 Ke8 70. Bd6 Re2 71. Kd5 Re1 72. Be5 Re3 73. Ke6 Rd3 74. Rg7 Rf3 75. Rg8+ Rf8 76. Rg1 Rf3 77. Rh1 Rf2 78. Rh8+ Rf8 79. Rh7 Rf3 80. Re7+ Kf8 81. Rb7 Kg8 82. Rg7+ Kf8 83. Rg1 Ke8 84. Ra1 Rd3 85. Ra7 Rd1 86. Rb7 Rd3 87. Bf4 Rd1 88. Rh7 Re1+ 89. Be5 Rf1 90. Re7+ Kf8 91. Ra7 Kg8 92. Rd7 Rf3 93. Rd8+ Rf8 94. Rd7 Rf3 95. Rd1 Rf2 96. Rh1 1-0

[Event "RUS-ch Rapid"]
[Site "Sochi"]
[Date "2023.10.15"]
[Round "3"]
[White "Kukhmazov, Arsen"]
[Black "Rodin, Dmitrij"]
[Result "1/2-1/2"]
[WhiteElo "2498"]
[BlackElo "2346"]
[PlyCount "130"]
[EventDate "2023.10.15"]
[EventType "swiss (rapid)"]
[EventRounds "11"]
[EventCountry "RUS"]
[SourceTitle "Mega2024 Update 01"]
[Source "Chessbase"]
[SourceDate "2023.11.12"]
[SourceVersion "1"]
[SourceVersionDate "2023.11.12"]
[SourceQuality "1"]

1. d4 Nf6 2. c4 e6 3. Nf3 b6 4. g3 Bb7 5. Bg2 g6 6. 0-0 Bg7 7. Re1 0-0 8. Nc3 Ne4 9. Bf4 d6 10. Qc2 Nxc3 11. bxc3 Nd7 12. e4 Qe7 13. a4 e5 14. Bg5 f6 15. Bd2 a5 16. Rab1 Ba6 17. Bf1 Qf7 18. Be3 Bxc4 19. Bxc4 Qxc4 20. d5 Qa6 21. c4 Rae8 22. Kg2 Qc8 23. Nd2 f5 24. exf5 gxf5 25. f4 Nf6 26. h3 Qd7 27. Kh2 Nh5 28. Nf3 h6 29. Re2 Qf7 30. Rg1 exf4 31. gxf4 Re4 32. Bd4 Rxe2+ 33. Qxe2 Kh7 34. Qf2 Bxd4 35. Nxd4 Ng7 36. Qh4 Qf6 37. Qxf6 Rxf6 38. Re1 Rf7 39. Kg3 Kg6 40. Kf3 Kf6 41. Nc6 Kg6 42. c5 Rf8 43. cxd6 cxd6 44. Re7 Ne8 45. Rb7 Nf6 46. Ne7+ Kh5 47. Rxb6 Ne4 48. Ra6 Rf7 49. Nc6 Rg7 50. Nd4 Rg3+ 51. Ke2 Rxh3 52. Nxf5 Kg4 53. Nxd6 Nc3+ 54. Kd2 Nxd5 55. Rxa5 Nxf4 56. Ne4 Rh2+ 57. Ke3 Re2+ 58. Kd4 Ra2 59. Ra8 h5 60. a5 h4 61. a6 h3 62. Rg8+ Kh4 63. Rh8+ Kg4 64. Rg8+ Kh4 65. Rh8+ Kg4 1/2-1/2

[Event "Voronezh op"]
[Site "Voronezh"]
[Date "2023.06.18"]
[Round "3"]
[White "Nesterov, Arseniy"]
[Black "Rodin, Dmitrij"]
[Result "1-0"]
[WhiteElo "2558"]
[BlackElo "2330"]
[PlyCount "75"]
[EventDate "2023.06.16"]
[EventType "swiss"]
[EventRounds "9"]
[EventCountry "RUS"]
[SourceTitle "CBM 214 Extra"]
[Source "ChessBase"]
[SourceDate "2023.07.31"]
[SourceVersion "1"]
[SourceVersionDate "2023.07.31"]
[SourceQuality "1"]

1. d4 Nf6 2. c4 e6 3. g3 Bb4+ 4. Nd2 0-0 5. Ngf3 d5 6. Bg2 b6 7. 0-0 Bb7 8. b3 Nbd7 9. Bb2 Re8 10. Qc2 c5 11. a3 Bxd2 12. Nxd2 cxd4 13. Bxd4 Rc8 14. Rac1 Qe7 15. Bb2 Ba6 16. Qb1 dxc4 17. Nxc4 Nc5 18. b4 Bxc4 19. Rxc4 Na4 20. Bxf6 Qxf6 21. Bc6 Red8 22. Rfc1 Nb2 23. R4c2 Rd6 24. Bf3 Rxc2 25. Rxc2 Na4 26. Rc8+ Rd8 27. Qc2 b5 28. Qc7 Rf8 29. Rxf8+ Kxf8 30. Qb8+ Ke7 31. Qxa7+ Kd6 32. Qb8+ Ke7 33. Qxb5 Qa1+ 34. Kg2 Qxa3 35. Qg5+ Kd6 36. Qxg7 f5 37. Qd4+ Ke7 38. Qa7+ 1-0

[Event "RUS-chT 30th"]
[Site "Sochi"]
[Date "2023.05.09"]
[Round "8.4"]
[White "Aleksandrov, Aleksej"]
[Black "Rodin, Dmitrij"]
[Result "1/2-1/2"]
[WhiteElo "2484"]
[BlackElo "2325"]
[PlyCount "87"]
[EventDate "2023.05.01"]
[EventType "team-tourn"]
[EventRounds "9"]
[EventCountry "RUS"]
[SourceTitle "EXT 2024"]
[Source "ChessBase"]
[SourceDate "2023.10.10"]
[SourceVersion "1"]
[SourceVersionDate "2023.10.10"]
[SourceQuality "1"]
[WhiteTeam "Belarus"]
[BlackTeam "Voronezh Inleksis"]
[WhiteTeamCountry "BLR"]
[BlackTeamCountry "RUS"]

1. c4 Nf6 2. Nc3 c5 3. Nf3 e6 4. e4 Nc6 5. d4 cxd4 6. Nxd4 Bb4 7. Nxc6 dxc6 8. Qxd8+ Kxd8 9. Bd2 e5 10. a3 Bc5 11. 0-0-0 Ke7 12. f3 Be6 13. Na4 Bd6 14. Be3 Nd7 15. Rd2 b6 16. b4 Bc7 17. c5 Bb3 18. Nc3 bxc5 19. b5 cxb5 20. Bxb5 Nb6 21. a4 Rad8 22. Bxc5+ Kf6 23. Rb2 Be6 24. Rd1 Rxd1+ 25. Kxd1 Rd8+ 26. Rd2 Rxd2+ 27. Kxd2 a5 28. Kd3 h5 29. h4 g5 30. hxg5+ Kxg5 31. Be3+ Kg6 32. Nd1 Nc8 33. Ba6 Nb6 34. Nb2 h4 35. Bb5 h3 36. gxh3 Bxh3 37. Bd2 Nd7 38. Nc4 Nc5+ 39. Kc3 Bg2 40. Be3 Ne6 41. Nd2 Bd6 42. Bb6 Bb4+ 43. Kd3 Nd4 44. Bc7 1/2-1/2

[Event "RUS-chT 30th"]
[Site "Sochi"]
[Date "2023.05.05"]
[Round "5.1"]
[White "Timofeev, Artyom"]
[Black "Rodin, Dmitrij"]
[Result "1-0"]
[WhiteElo "2567"]
[BlackElo "2325"]
[PlyCount "125"]
[EventDate "2023.05.01"]
[EventType "team-tourn"]
[EventRounds "9"]
[EventCountry "RUS"]
[SourceTitle "CBM 214 Extra"]
[Source "ChessBase"]
[SourceDate "2023.07.31"]
[SourceVersion "1"]
[SourceVersionDate "2023.07.31"]
[SourceQuality "1"]
[WhiteTeam "Tatarstan Ladya"]
[BlackTeam "Voronezh Inleksis"]
[WhiteTeamCountry "RUS"]
[BlackTeamCountry "RUS"]

1. e4 e5 2. Nf3 Nc6 3. Bb5 a6 4. Ba4 Nf6 5. 0-0 Be7 6. Re1 b5 7. Bb3 d6 8. c3 0-0 9. h3 Na5 10. Bc2 c5 11. d4 Qc7 12. Bg5 Re8 13. Nbd2 h6 14. Be3 Bf8 15. d5 c4 16. b4 cxb3 17. axb3 Nb7 18. Bd3 Bd7 19. Qb1 Nc5 20. Bf1 a5 21. Rc1 Qb7 22. b4 axb4 23. Rxa8 Rxa8 24. cxb4 Na6 25. Rc3 Be7 26. Ne1 Bd8 27. Ra3 Nc7 28. Rxa8 Nxa8 29. Qc2 Qa6 30. Qc3 Nb6 31. Nc2 Na4 32. Qb3 Kf8 33. Na3 Ke7 34. Bd3 Ne8 35. Nf1 Bb6 36. Qc2 Nc7 37. Bd2 Qa7 38. Ne3 Bd4 39. Bf1 Qb6 40. Qb3 Qa7 41. Nac2 Bb6 42. g3 Kd8 43. h4 h5 44. Kh2 g6 45. Bh3 Bxh3 46. Kxh3 Ne8 47. Kg2 Qd7 48. Qd3 Nc7 49. Nd1 Kc8 50. Be3 Kb7 51. Bxb6 Kxb6 52. Nde3 Na6 53. f4 f6 54. f5 gxf5 55. Nxf5 Qc7 56. Kh3 Nb2 57. Qe3+ Kb7 58. Qe2 Nc4 59. Qxh5 Nd2 60. Qe8 Qxc2 61. Nxd6+ Ka7 62. Qd7+ Nc7 63. Qc8 1-0

[Event "RUS-chT 30th"]
[Site "Sochi"]
[Date "2023.05.04"]
[Round "4.5"]
[White "Rodin, Dmitrij"]
[Black "Zubritskiy, Artyom"]
[Result "0-1"]
[WhiteElo "2325"]
[BlackElo "2438"]
[PlyCount "188"]
[EventDate "2023.05.01"]
[EventType "team-tourn"]
[EventRounds "9"]
[EventCountry "RUS"]
[SourceTitle "CBM 214 Extra"]
[Source "ChessBase"]
[SourceDate "2023.07.31"]
[SourceVersion "1"]
[SourceVersionDate "2023.07.31"]
[SourceQuality "1"]
[WhiteTeam "Voronezh Inleksis"]
[BlackTeam "St Petersburg SSHOR"]
[WhiteTeamCountry "RUS"]
[BlackTeamCountry "RUS"]

1. e4 c5 2. Nf3 Nf6 3. e5 Nd5 4. Nc3 Nxc3 5. dxc3 Nc6 6. Bf4 h6 7. Bd3 Qc7 8. Qe2 e6 9. 0-0 b6 10. Nd2 d5 11. exd6 Bxd6 12. Bxd6 Qxd6 13. Rad1 Bb7 14. Nc4 Qc7 15. Be4 Rd8 16. Rxd8+ Nxd8 17. Rd1 0-0 18. Ne5 Nc6 19. Rd7 Qxe5 20. Rxb7 f5 21. Bf3 Qxe2 22. Bxe2 Rf7 23. Rxf7 Kxf7 24. f4 g5 25. g3 gxf4 26. gxf4 Kf6 27. Kf2 Ne7 28. Bb5 Nd5 29. Kf3 e5 30. fxe5+ Kxe5 31. Bc4 Nf6 32. Bd3 Ng4 33. h3 Nf6 34. h4 Nd5 35. Bc4 Ne7 36. Bd3 Nc8 37. c4 Ne7 38. c3 Ng6 39. Kg3 Kf6 40. Be2 Ke5 41. Bd3 Nf4 42. Bc2 Nh5+ 43. Kf3 Nf6 44. Bd3 Ne8 45. Ke3 Nd6 46. Kf3 Nc8 47. Ke3 Ne7 48. Kf3 Nc6 49. Ke3 Na5 50. Kf3 Nb7 51. Ke3 Nd6 52. Kf3 a6 53. Ke3 f4+ 54. Kf3 h5 55. Bg6 Nf5 56. Bxh5 Nxh4+ 57. Kg4 Nf5 58. Kf3 Nd6 59. Ke2 Nxc4 60. b3 Nd6 61. Kd3 Kf5 62. b4 Kg5 63. Bf3 Kh4 64. bxc5 bxc5 65. Bd5 Kg3 66. Ke2 a5 67. Bh1 Kg4 68. Bd5 Kf5 69. Kd3 Ke5 70. Bf3 c4+ 71. Kc2 Nf7 72. Kd2 Kd6 73. Ke2 Ne5 74. Be4 Kc5 75. Bf5 Kb5 76. Bc2 Ng4 77. Bf5 Nf6 78. Kd2 Kc5 79. Ke2 f3+ 80. Kxf3 Nd5 81. a3 Nxc3 82. Ke3 Nb5 83. a4 Nc3 84. Bc2 Nd5+ 85. Kd2 Kb4 86. Be4 Nc3 87. Bc6 Kb3 88. Be8 Nxa4 89. Bf7 Nb2 90. Kc1 a4 91. Kb1 Nd3 92. Be6 a3 93. Bf7 Nb4 94. Bg6 a2+ 0-1

[Event "RUS-chT 30th"]
[Site "Sochi"]
[Date "2023.05.02"]
[Round "2.4"]
[White "Rodin, Dmitrij"]
[Black "Riazantsev, Alexander"]
[Result "1-0"]
[WhiteElo "2325"]
[BlackElo "2626"]
[PlyCount "65"]
[EventDate "2023.05.01"]
[EventType "team-tourn"]
[EventRounds "9"]
[EventCountry "RUS"]
[SourceTitle "CBM 214 Extra"]
[Source "ChessBase"]
[SourceDate "2023.07.31"]
[SourceVersion "1"]
[SourceVersionDate "2023.07.31"]
[SourceQuality "1"]
[WhiteTeam "Voronezh Inleksis"]
[BlackTeam "Moscow Team"]
[WhiteTeamCountry "RUS"]
[BlackTeamCountry "RUS"]

1. e4 e5 2. Nf3 Nc6 3. Bb5 a6 4. Ba4 Nf6 5. 0-0 Be7 6. Bxc6 dxc6 7. d3 Nd7 8. Nbd2 b5 9. Nb3 a5 10. a4 b4 11. d4 exd4 12. Nfxd4 Bb7 13. Bf4 0-0 14. Nf5 Bf6 15. Qg4 Ne5 16. Qg3 Qe8 17. Nc5 Bc8 18. Rfe1 Kh8 19. Rad1 g6 20. b3 Nd7 21. e5 Nxc5 22. exf6 Bxf5 23. Rxe8 Rfxe8 24. h4 Ne4 25. Qf3 h5 26. Bxc7 Kh7 27. Rd4 Re6 28. Bd8 Nxf6 29. Bxf6 Rxf6 30. Rc4 Ra6 31. Rc5 Kg7 32. Qg3 Kh7 33. Qb8 1-0

[Event "RUS-chT 30th"]
[Site "Sochi"]
[Date "2023.05.01"]
[Round "1.3"]
[White "Khismatullin, Denis Rimovich"]
[Black "Rodin, Dmitrij"]
[Result "1-0"]
[WhiteElo "2594"]
[BlackElo "2325"]
[PlyCount "99"]
[EventDate "2023.05.01"]
[EventType "team-tourn"]
[EventRounds "9"]
[EventCountry "RUS"]
[SourceTitle "CBM 214 Extra"]
[Source "ChessBase"]
[SourceDate "2023.07.31"]
[SourceVersion "1"]
[SourceVersionDate "2023.07.31"]
[SourceQuality "1"]
[WhiteTeam "Moscow Region"]
[BlackTeam "Voronezh Inleksis"]
[WhiteTeamCountry "RUS"]
[BlackTeamCountry "RUS"]

1. d4 Nf6 2. c4 e6 3. g3 Bb4+ 4. Bd2 Qe7 5. Bg2 0-0 6. Nf3 Nc6 7. 0-0 Bxd2 8. Qxd2 d6 9. Nc3 a5 10. Rac1 e5 11. dxe5 dxe5 12. Nd5 Qd8 13. Rfd1 Bg4 14. h3 Bxf3 15. exf3 Qd6 16. f4 Rae8 17. c5 Qd8 18. fxe5 Rxe5 19. Nf4 Qe7 20. Bxc6 bxc6 21. Qxa5 g5 22. Ng2 Ne4 23. Qa4 Re8 24. Qxc6 Re6 25. Qd5 Re5 26. Qd7 Qf6 27. Rc2 R8e7 28. Qc8+ Kg7 29. Rd8 Qf3 30. Qg4 Qxg4 31. hxg4 Nxc5 32. Ne3 Ne6 33. Rd1 Re8 34. Kg2 Ra5 35. b3 Rea8 36. Nf5+ Kg8 37. a4 Re5 38. Rd7 Rf8 39. b4 Re4 40. Rc6 Nd8 41. Rcxc7 Rxb4 42. a5 Ra4 43. Rc5 Ne6 44. Re5 Nd8 45. Ne7+ Kh8 46. Rxg5 Ne6 47. Rb5 Ra8 48. Nf5 R4xa5 49. Rxa5 Rxa5 50. Rxf7 1-0

[Event "RUS-ch Blitz"]
[Site "Sochi"]
[Date "2022.10.14"]
[Round "5"]
[White "Makarian, Rudik"]
[Black "Rodin, Dmitrij"]
[Result "0-1"]
[WhiteElo "2505"]
[BlackElo "2333"]
[PlyCount "62"]
[EventDate "2022.10.14"]
[EventType "swiss (blitz)"]
[EventRounds "13"]
[EventCountry "RUS"]
[SourceTitle "CBM 210 Extra"]
[Source "ChessBase"]
[SourceDate "2022.11.30"]
[SourceVersion "1"]
[SourceVersionDate "2022.11.30"]
[SourceQuality "1"]

1. Nf3 Nf6 2. c4 e6 3. Nc3 c5 4. g3 b6 5. Bg2 Bb7 6. 0-0 Be7 7. Re1 d6 8. e4 a6 9. d4 cxd4 10. Nxd4 Qc7 11. Be3 Nbd7 12. Rc1 Rc8 13. b3 0-0 14. g4 g6 15. Bh6 Rfe8 16. h3 Qb8 17. Qd2 Nc5 18. g5 Nh5 19. Bf3 Ng7 20. Bg4 Bf8 21. h4 Rcd8 22. b4 Nd7 23. f4 e5 24. Nf3 exf4 25. Qxf4 Ne5 26. Nd5 Bxd5 27. cxd5 Nxg4 28. Qxg4 Rc8 29. Nd4 Rxc1 30. Rxc1 b5 31. Kg2 Qb6 0-1

[Event "RUS-ch Blitz"]
[Site "Sochi"]
[Date "2022.10.14"]
[Round "6"]
[White "Rodin, Dmitrij"]
[Black "Faizrakhmanov, Ramil"]
[Result "0-1"]
[WhiteElo "2333"]
[BlackElo "2469"]
[PlyCount "48"]
[EventDate "2022.10.14"]
[EventType "swiss (blitz)"]
[EventRounds "13"]
[EventCountry "RUS"]
[SourceTitle "CBM 210 Extra"]
[Source "ChessBase"]
[SourceDate "2022.11.30"]
[SourceVersion "1"]
[SourceVersionDate "2022.11.30"]
[SourceQuality "1"]

1. e4 c5 2. Nf3 d6 3. d4 cxd4 4. Nxd4 Nf6 5. Nc3 a6 6. f4 Nbd7 7. Be3 g6 8. Be2 Bg7 9. 0-0 0-0 10. Qd2 Qc7 11. Bf3 e5 12. Nb3 Nb6 13. Na5 Bg4 14. Rad1 Rad8 15. Kh1 Bxf3 16. Rxf3 Nc4 17. Nxc4 Qxc4 18. fxe5 Nxe4 19. Nxe4 Qxe4 20. exd6 Rd7 21. Bg5 Bxb2 22. Be7 Re8 23. Re1 Rxd6 24. Qf2 Rxe7 0-1

[Event "RUS-ch Rapid"]
[Site "Sochi"]
[Date "2021.10.12"]
[Round "2"]
[White "Sarana, Alexey"]
[Black "Rodin, Dmitrij"]
[Result "1-0"]
[WhiteElo "2649"]
[BlackElo "2359"]
[PlyCount "73"]
[EventDate "2021.10.12"]
[EventType "swiss (rapid)"]
[EventRounds "11"]
[EventCountry "RUS"]
[SourceTitle "CBM 204 Extra"]
[Source "ChessBase"]
[SourceDate "2021.11.30"]
[SourceVersion "1"]
[SourceVersionDate "2021.11.30"]
[SourceQuality "1"]

1. d4 Nf6 2. c4 e6 3. Nf3 Bb4+ 4. Bd2 a5 5. a3 Bxd2+ 6. Qxd2 0-0 7. Nc3 d5 8. e3 Nbd7 9. Bd3 dxc4 10. Bxc4 Qe7 11. 0-0 Rd8 12. e4 Nb6 13. Ba2 e5 14. Rad1 Bg4 15. Nxe5 Bxd1 16. Nxf7 Rf8 17. Ne5+ Kh8 18. Rxd1 c5 19. Qg5 cxd4 20. Ng6+ hxg6 21. Qh4+ Nh5 22. Qxe7 dxc3 23. bxc3 Na4 24. g4 Nxc3 25. gxh5 Nxd1 26. hxg6 Rf6 27. e5 Rxg6+ 28. Kf1 Rh6 29. Bb3 Nc3 30. Qc5 Ne4 31. Qe3 Rh4 32. Bd5 Re8 33. Bxe4 Rxe5 34. f3 b5 35. Qb6 Re8 36. Qxb5 Rf8 37. Kg2 1-0

[Event "EU-ch qual Online"]
[Site "Tornelo INT"]
[Date "2020.12.18"]
[Round "6"]
[White "Djukic, Nikola"]
[Black "Rodin, Dmitrij"]
[Result "1-0"]
[WhiteElo "2521"]
[BlackElo "2370"]
[PlyCount "111"]
[EventDate "2020.12.18"]
[EventType "swiss"]
[EventRounds "11"]
[EventCountry "POL"]
[SourceTitle "CBM 199 Extra"]
[Source "ChessBase"]
[SourceDate "2021.01.31"]
[SourceVersion "1"]
[SourceVersionDate "2021.01.31"]
[SourceQuality "1"]

1. e4 c5 2. Nf3 e6 3. d4 cxd4 4. Nxd4 a6 5. Nc3 Qc7 6. Bd3 g6 7. h4 Bg7 8. Be3 Nc6 9. Nxc6 Qxc6 10. h5 Ne7 11. Qd2 b5 12. 0-0-0 Bb7 13. Kb1 Rc8 14. Ne2 d5 15. f3 Rd8 16. Qa5 0-0 17. hxg6 hxg6 18. Bh6 dxe4 19. fxe4 Bxh6 20. Rxh6 Kg7 21. Rdh1 Rh8 22. Qd2 Qc5 23. Qf4 e5 24. Qh4 Rxh6 25. Qxh6+ Kf6 26. Rf1+ Ke6 27. Qg5 Rf8 28. Qh6 Ng8 29. Qh3+ Ke7 30. a3 Nf6 31. Qh4 Qd6 32. Nc1 Rc8 33. Nb3 Rc6 34. Na5 Rb6 35. Nxb7 Rxb7 36. Qg5 b4 37. axb4 Rxb4 38. Kc1 a5 39. b3 a4 40. Bc4 axb3 41. cxb3 Qc6 42. Qxe5+ Kf8 43. Rxf6 Rxc4+ 44. bxc4 Qxc4+ 45. Kd2 Qa2+ 46. Ke3 Qa3+ 47. Kf2 Qa7+ 48. Kg3 Qe3+ 49. Rf3 Qe1+ 50. Kh3 Qh1+ 51. Qh2 Qe1 52. Qd6+ Kg8 53. Qd8+ Kg7 54. Qf6+ Kh6 55. Qh4+ Kg7 56. Qxe1 1-0

[Event "EU-ch qual Online"]
[Site "Tornelo INT"]
[Date "2020.12.18"]
[Round "4"]
[White "Heimann, Andreas"]
[Black "Rodin, Dmitrij"]
[Result "0-1"]
[WhiteElo "2606"]
[BlackElo "2370"]
[PlyCount "83"]
[EventDate "2020.12.18"]
[EventType "swiss"]
[EventRounds "11"]
[EventCountry "POL"]
[SourceTitle "CBM 199 Extra"]
[Source "ChessBase"]
[SourceDate "2021.01.31"]
[SourceVersion "1"]
[SourceVersionDate "2021.01.31"]
[SourceQuality "1"]

1. d4 Nf6 2. c4 e6 3. Nf3 b6 4. a3 g6 5. Nc3 Bb7 6. d5 Bg7 7. e4 exd5 8. cxd5 0-0 9. Bd3 c6 10. 0-0 cxd5 11. exd5 Na6 12. Bg5 Nc5 13. Bc2 h6 14. Bh4 Re8 15. Nd4 Ba6 16. Re1 Rxe1+ 17. Qxe1 Qf8 18. Qd2 Re8 19. f3 Nb7 20. Bd3 Bxd3 21. Qxd3 Nc5 22. Qd2 Nh5 23. Rd1 Qd6 24. b4 Nb7 25. Ndb5 Qb8 26. Ne4 a6 27. Nbc3 Nd6 28. Nxd6 Qxd6 29. Ne4 Qe5 30. g4 Nf4 31. Bg3 g5 32. Re1 Qd4+ 33. Qxd4 Bxd4+ 34. Kh1 Kg7 35. Nd6 Rxe1+ 36. Bxe1 Kf6 37. Bg3 Nxd5 38. Kg2 Ne3+ 39. Kf2 Nxg4+ 40. Ke2 Ne5 41. Ne4+ Ke6 42. Nd2 0-1

[Event "EU-ch qual Online"]
[Site "Tornelo INT"]
[Date "2020.12.18"]
[Round "5"]
[White "Rodin, Dmitrij"]
[Black "Aleksandrov, Aleksej"]
[Result "0-1"]
[WhiteElo "2370"]
[BlackElo "2574"]
[PlyCount "100"]
[EventDate "2020.12.18"]
[EventType "swiss"]
[EventRounds "11"]
[EventCountry "POL"]
[SourceTitle "CBM 199 Extra"]
[Source "ChessBase"]
[SourceDate "2021.01.31"]
[SourceVersion "1"]
[SourceVersionDate "2021.01.31"]
[SourceQuality "1"]

1. e4 e5 2. Nf3 Nc6 3. Bb5 a6 4. Ba4 Nf6 5. d4 exd4 6. 0-0 Be7 7. Re1 b5 8. Bb3 d6 9. Bd5 Nxd5 10. exd5 Ne5 11. Nxd4 0-0 12. Nc3 Bg4 13. Qd2 Bd7 14. b3 Re8 15. Bb2 Bf8 16. Ne4 Qh4 17. f4 Ng6 18. g3 Qg4 19. Nf2 Qh5 20. c4 bxc4 21. bxc4 Ne7 22. Qd3 Qg6 23. Qxg6 hxg6 24. g4 c6 25. dxc6 Nxc6 26. Kg2 Rac8 27. Rxe8 Bxe8 28. Rc1 Na5 29. Nb3 Nxc4 30. Bd4 d5 31. Kg3 Nd6 32. Rxc8 Nxc8 33. Nd3 Nd6 34. Kf3 Ne4 35. Ndc5 Nxc5 36. Bxc5 Ba4 37. Bxf8 Bxb3 38. axb3 Kxf8 39. Ke3 Ke7 40. Kd4 Kd6 41. f5 g5 42. h3 f6 43. b4 Kc6 44. Kc3 Kc7 45. Kd3 Kd7 46. Kc3 Kc6 47. Kd4 Kd6 48. Kd3 Ke5 49. Ke3 d4+ 50. Kd3 Kd5 0-1

[Event "EU-ch qual Online"]
[Site "Tornelo INT"]
[Date "2020.12.18"]
[Round "3"]
[White "Rodin, Dmitrij"]
[Black "Solodovnichenko, Yuri"]
[Result "1/2-1/2"]
[WhiteElo "2370"]
[BlackElo "2544"]
[PlyCount "83"]
[EventDate "2020.12.18"]
[EventType "swiss"]
[EventRounds "11"]
[EventCountry "POL"]
[SourceTitle "CBM 199 Extra"]
[Source "ChessBase"]
[SourceDate "2021.01.31"]
[SourceVersion "1"]
[SourceVersionDate "2021.01.31"]
[SourceQuality "1"]

1. e4 c5 2. Nf3 e6 3. d4 cxd4 4. Nxd4 Nc6 5. Nc3 d6 6. Be3 Nf6 7. f4 Be7 8. Qf3 e5 9. Nf5 Bxf5 10. exf5 Nd4 11. Bxd4 exd4 12. Nb5 Qa5+ 13. c3 dxc3 14. Qxc3 Qxc3+ 15. Nxc3 0-0-0 16. 0-0-0 d5 17. Be2 Bc5 18. Kc2 Be3 19. Bf3 d4 20. Ne2 Nd5 21. g3 Rhe8 22. a3 Ne7 23. Bg4 Kb8 24. Rd3 Bf2 25. Rf1 Nxf5 26. Rxf2 Ne3+ 27. Rxe3 dxe3 28. Rf1 f5 29. Bf3 Rd2+ 30. Kb3 Red8 31. h3 a6 32. Nc3 Rf2 33. Be2 Rd2 34. Rxf2 exf2 35. Bf1 b5 36. Ka2 a5 37. Bxb5 Rd6 38. Bf1 Rg6 39. Ne2 Rd6 40. Nc3 Rg6 41. Ne2 Rd6 42. Nc3 1/2-1/2

[Event "Lipetsk Winter Cup rapid"]
[Site "Lipetsk"]
[Date "2020.01.19"]
[Round "10"]
[White "Rodin, Dmitrij"]
[Black "Maltsevskaya, Aleksandra"]
[Result "0-1"]
[WhiteElo "2388"]
[BlackElo "2318"]
[PlyCount "92"]
[EventDate "2020.01.17"]
[EventType "swiss (rapid)"]
[EventRounds "11"]
[EventCountry "RUS"]
[SourceTitle "CBM 194 Extra"]
[Source "ChessBase"]
[SourceDate "2020.03.31"]
[SourceVersion "1"]
[SourceVersionDate "2020.03.31"]
[SourceQuality "1"]

1. e4 c5 2. Nf3 e6 3. d4 cxd4 4. Nxd4 Nc6 5. Nc3 Nf6 6. Ndb5 Bc5 7. Bf4 0-0 8. Bd6 Bxd6 9. Nxd6 Qb6 10. Nc4 Qc5 11. Qd6 Qg5 12. h4 Qh6 13. Be2 b5 14. Nd2 b4 15. Nb5 Ne8 16. Qc5 e5 17. a3 a6 18. axb4 Rb8 19. Nc3 Nd4 20. Nd5 Nd6 21. Bd3 Bb7 22. Ne7+ Kh8 23. Qxe5 Nc6 24. Nxc6 Bxc6 25. Qg5 Qe6 26. 0-0 Rxb4 27. Rxa6 Rxb2 28. e5 Nb7 29. Nc4 Rb4 30. Ne3 Nc5 31. Ra5 h6 32. Qg3 Nxd3 33. cxd3 Rd4 34. Ra3 g6 35. f4 d6 36. Nc4 dxe5 37. Nxe5 Bb5 38. Rb1 Qd6 39. Ra7 Bxd3 40. Rbb7 Bc4 41. f5 Rd1+ 42. Kh2 Qd4 43. Nf3 Qd6 44. fxg6 Rh1+ 45. Kxh1 Qxg3 46. gxf7 Bd5 0-1

[Event "Voronezh op-A 23rd"]
[Site "Voronezh"]
[Date "2019.06.14"]
[Round "3"]
[White "Tsydypov, Zhamsaran"]
[Black "Rodin, Dmitrij"]
[Result "1-0"]
[WhiteElo "2573"]
[BlackElo "2403"]
[PlyCount "135"]
[EventDate "2019.06.12"]
[EventType "swiss"]
[EventRounds "9"]
[EventCountry "RUS"]
[SourceTitle "EXT 2020"]
[Source "ChessBase"]
[SourceDate "2019.10.17"]
[SourceVersion "1"]
[SourceVersionDate "2019.10.17"]
[SourceQuality "1"]

1. g3 Nf6 2. Bg2 d5 3. Nf3 e6 4. c4 Be7 5. b3 0-0 6. Bb2 b6 7. 0-0 Bb7 8. cxd5 exd5 9. d4 Nbd7 10. Nc3 c5 11. dxc5 bxc5 12. Nh4 Re8 13. Nf5 Nb6 14. Nxe7+ Qxe7 15. e3 Rad8 16. Re1 Qd7 17. Ne2 d4 18. Bxb7 Qxb7 19. exd4 Nc4 20. Qc2 Nxb2 21. Qxb2 cxd4 22. Nxd4 Rxe1+ 23. Rxe1 Qd5 24. Rc1 h5 25. Nc6 Re8 26. Qd4 Qf3 27. Qc3 Qd5 28. Qb4 Qf3 29. Nd4 Qg4 30. Qd2 Rd8 31. Rc4 Qe4 32. f3 Qd5 33. Qc3 Kh7 34. Kf2 h4 35. Qe3 h3 36. Nc6 Ng4+ 37. Rxg4 Qxc6 38. Qe4+ Qxe4 39. Rxe4 f5 40. Rh4+ Kg6 41. Ke2 Rd6 42. a4 a5 43. b4 axb4 44. Rxb4 Rc6 45. Rb2 Rc1 46. Ra2 Rg1 47. Kd3 Rg2 48. Rc2 Rg1 49. Kc4 f4 50. g4 Rf1 51. a5 Rxf3 52. Ra2 Re3 53. a6 Re8 54. a7 Ra8 55. Ra5 Kf6 56. g5+ Kg6 57. Kd4 Kh5 58. Kd3 Kg4 59. Ke2 g6 60. Kf2 Kh4 61. Kf3 Kh5 62. Kxf4 Kh4 63. Ra6 Rf8+ 64. Ke5 Ra8 65. Kf6 Kh5 66. Ra5 Rf8+ 67. Kg7 Ra8 68. Kf7 1-0

[Event "Voronezh op-A 23rd"]
[Site "Voronezh"]
[Date "2019.06.13"]
[Round "2"]
[White "Rodin, Dmitrij"]
[Black "Fedorov, Alexei"]
[Result "1-0"]
[WhiteElo "2403"]
[BlackElo "2553"]
[PlyCount "63"]
[EventDate "2019.06.12"]
[EventType "swiss"]
[EventRounds "9"]
[EventCountry "RUS"]
[SourceTitle "CBM 191 Extra"]
[Source "ChessBase"]
[SourceDate "2019.09.30"]
[SourceVersion "1"]
[SourceVersionDate "2019.09.30"]
[SourceQuality "1"]

1. e4 c5 2. Nf3 e6 3. d4 cxd4 4. Nxd4 a6 5. Nc3 d6 6. Be3 Ne7 7. Be2 Nec6 8. 0-0 Be7 9. Na4 Nd7 10. c4 Nxd4 11. Qxd4 0-0 12. Rfd1 b6 13. Rac1 Rb8 14. b4 Bb7 15. f4 Bc6 16. Nc3 b5 17. cxb5 axb5 18. a4 bxa4 19. b5 Bb7 20. e5 d5 21. Nxa4 Ra8 22. Nb6 Ra2 23. Bf1 f6 24. Nxd7 Qxd7 25. Qc4 Ra3 26. Qc7 Rd8 27. Bd4 fxe5 28. Bxe5 Bf6 29. Qb6 Rc8 30. Rxc8+ Bxc8 31. Rc1 Bd8 32. Qb8 1-0